Nghiên cứu so sánh Tiễn đăng tân thoại và Truyền kỳ mạn lục

Đã lưu trong:
书目详细资料
主要作者: Trần ích Nguyên
格式: 图书
语言:Undetermined
出版: Hà Nội Văn Học 2000
主题:
标签: 添加标签
没有标签, 成为第一个标记此记录!
Thư viện lưu trữ: Trung tâm Học liệu Trường Đại học Cần Thơ
LEADER 00649nam a2200193Ia 4500
001 CTU_37270
008 210402s9999 xx 000 0 und d
020 |b 32.000đ 
082 |a 809 
082 |b Ng527 
100 |a Trần ích Nguyên 
245 0 |a Nghiên cứu so sánh Tiễn đăng tân thoại và Truyền kỳ mạn lục 
245 0 |c Trần ích Nguyên; Dịch giả: Phạm Tú Châu...[et al.] 
260 |a Hà Nội 
260 |b Văn Học 
260 |c 2000 
650 |a chinese literature - history and criticism 
904 |i Minh, 000704 
980 |a Trung tâm Học liệu Trường Đại học Cần Thơ